000 01057cam a2200301 a 4500
001 1149144
005 20250210201014.0
008 950313s1986 paua b 000 0 eng
020 _a0865710813 (pbk.)
020 _a0865710821
050 0 0 _aHC800.Z9
_bF38 1986
082 0 0 _a363.8/096
_220
100 1 _aTimberlake, Lloyd.
245 1 0 _aAfrica in crisis :
_bthe causes, the cures of environmental bankruptcy /
_cby Lloyd Timberlake ; edited by Jon Tinker.
260 _aPhiladelphia, PA :
_bNew Society Publishers,
_cc1986.
300 _a232 p. :
_bill. ;
_c21 cm.
440 3 _aAn Earthscan book
440 3 _aAn Earthscan paperback
500 _a"Published in cooperation with the International Institute for Environment and Development, London and Washington, DC."
650 0 _aFamines
_zAfrica.
650 0 _aFood supply
_zAfrica.
650 0 _aLand use, Rural
_zAfrica.
650 0 _aPeasants
_zAfrica.
650 0 _aApartheid
_zSouth Africa.
650 0 _aAgriculture and state
_zAfrica.
700 1 _aTinker, Jon.
942 _2lcc
_cBK
_n0
999 _c3800
_d3800